La noche del general / (Record no. 195263)

MARC details
000 -LEADER
campo de control de longitud fija 01226nam a2200325 i 4500
001 - NÚMERO DE CONTROL
campo de control 195263
003 - IDENTIFICADOR DE NÚMERO DE CONTROL
campo de control SpMaBN
005 - FECHA Y HORA DE LA ÚLTIMA TRANSACCIÓN
campo de control 20250317063106.0
008 - DATOS DE LONGITUD FIJA--INFORMACIÓN GENERAL
campo de control de longitud fija 230510s2023 sp | |||| 000 d spa
015 ## - NÚMERO DE BIBLIOGRAFÍA NACIONAL
Número de bibliografía nacional MON23
017 ## - NÚMERO DE COPYRIGHT O DE DEPÓSITO LEGAL
Número de copyright o de depósito legal M 9013-2023
Agencia que asigna Oficina Depósito Legal Madrid
020 ## - NÚMERO INTERNACIONAL ESTÁNDAR DEL LIBRO
Número Internacional Estándar del Libro 9788479916015
040 ## - FUENTE DE CATALOGACIÓN
Centro catalogador/agencia de origen SpMaBN
Lengua de catalogación spa
Centro/agencia transcriptor SpMaBN
Normas de descripción rda
Centro/agencia modificador ES-MaACL
080 ## - NÚMERO DE LA CLASIFICACIÓN DECIMAL UNIVERSAL
Número de la Clasificación Decimal Universal 821.134.2-22"19"
100 ## - ENTRADA PRINCIPAL--NOMBRE DE PERSONA
Nombre de persona Núñez Rivero, Cayetano,
Fechas asociadas al nombre 1948-
Término indicativo de función/relación Autor
9 (RLIN) 236824
245 13 - MENCIÓN DEL TÍTULO
Título La noche del general /
Mención de responsabilidad, etc. Cayetano Núñez Rivero.
264 #1 - PRODUCCIÓN, PUBLICACIÓN, DISTRIBUCIÓN, FABRICACIÓN Y COPYRIGHT
Producción, publicación, distribución, fabricación y copyright Madrid :
Nombre del de productor, editor, distribuidor, fabricante Editorial Universitas,
Fecha de producción, publicación, distribución, fabricación o copyright [2023].
300 ## - DESCRIPCIÓN FÍSICA
Extensión 53 páginas :
Dimensiones 21 cm.
336 ## - TIPO DE CONTENIDO
Término de tipo de contenido Texto
Fuente rdacontent
337 ## - TIPO DE MEDIO
Nombre/término del tipo de medio sin mediación
Fuente rdamedia
338 ## - TIPO DE SOPORTE
Nombre/término del tipo de soporte volumen
Fuente rdacarrier
655 #0 - TERMINO DE INDIZACIÓN--GENERO/FORMA
Datos o término principal de género/forma Teatro político
9 (RLIN) 236825
852 ## - LOCALIZACIÓN
Ubicación ES-MaACL
Sublocalización o colección R.154363
Ubicación en estantería Depósito J
Número de control de estantería N-8907
Anotaciones manuscritas Dedicatoria autógrafa del autor
Donativo/Legado Donación: Cayetano Núñez Rivero
Encuadernación Encuadernación rústica
itemnumber 204786
903 ## - NOMBRE PERSONAL DE DONANTE
a Núñez Rivero, Cayetano,
d 1948-
e Donante
9 236824
942 ## - ELEMENTOS DE ENTRADA SECUNDARIOS (KOHA)
Tipo de ítem Koha Libro impreso
Suprimir en OPAC No
Holdings
Estatus retirado Estado de pérdida Fuente del sistema de clasificación o colocación Estado de daño No para préstamo Biblioteca de origen Biblioteca actual Ubicación en estantería Fecha de adquisición Fuente de adquisición Total de préstamos Signatura topográfica completa Código de barras Visto por última vez Precio de reemplazo Tipo de ítem Koha
    Clasificación decimal universal     Biblioteca del Ateneo de Madrid Biblioteca del Ateneo de Madrid Depósito J 15/03/2025 Donación   N-8907 101229632 15/03/2025 15/03/2025 Libro impreso